[Event "Niedersachsen-ch op-B"]
[Site "Verden"]
[Date "2012.01.03"]
[Round "4"]
[White "Borbely, Kurt"]
[Black "Torkler, Simon"]
[Result "0-1"]
[WhiteElo "1003"]
[BlackElo "1566"]
[PlyCount "88"]
[EventDate "2012.01.02"]
[EventType "swiss"]
[EventRounds "7"]
[EventCountry "GER"]
[SourceTitle "EXT 2021"]
[Source "ChessBase"]
[SourceDate "2020.10.23"]
[SourceVersion "1"]
[SourceVersionDate "2020.10.23"]
[SourceQuality "1"]

1. d4 Nf6 2. Nf3 e6 3. e3 c5 4. c3 d5 5. Bd3 Bd6 6. Nbd2 Nc6 7. 0-0 c4 8. Bc2 b5 9. e4 0-0 10. e5 Bc7 11. exf6 Qxf6 12. Re1 Re8 13. Nf1 e5 14. Ng5 h6 15. Qh5 Bf5 16. Bxf5 Qxf5 17. Ng3 exd4 18. Bd2 Bxg3 19. hxg3 hxg5 20. Qxg5 Qxg5 21. Bxg5 d3 22. Rad1 Kf8 23. Kf1 a5 24. Bf4 Re6 25. Rxe6 fxe6 26. Ke1 b4 27. Kd2 bxc3+ 28. bxc3 e5 29. Bg5 Rb8 30. Kc1 Kf7 31. Rf1 Ke6 32. f3 Kf5 33. Bd2 d4 34. g4+ Ke6 35. Re1 dxc3 36. Bxc3 Kd5 37. Kd2 Nd4 38. Re4 g5 39. Ke3 Nc6 40. Kd2 Rf8 41. Ke3 Rf4 42. Rxf4 exf4+ 43. Kd2 Nb4 44. Bxb4 axb4 0-1

[Event "Niedersachsen-ch op"]
[Site "Verden"]
[Date "2011.01.03"]
[Round "4"]
[White "Mayen, Paul"]
[Black "Torkler, Simon"]
[Result "0-1"]
[WhiteElo "1066"]
[BlackElo "1345"]
[PlyCount "46"]
[EventDate "2011.01.02"]
[EventType "swiss"]
[EventRounds "7"]
[EventCountry "GER"]
[SourceTitle "EXT 2018"]
[Source "ChessBase"]
[SourceDate "2017.10.13"]
[SourceVersion "1"]
[SourceVersionDate "2017.10.13"]
[SourceQuality "1"]

1. e4 c5 2. Nf3 Nc6 3. Bc4 e6 4. Nc3 Nd4 5. Nxd4 cxd4 6. Ne2 e5 7. 0-0 Nf6 8. d3 d5 9. exd5 Nxd5 10. c3 Bc5 11. Qb3 Be6 12. Re1 b6 13. cxd4 exd4 14. Nf4 Nxf4 15. Bxf4 0-0 16. Bxe6 fxe6 17. Qxe6+ Kh8 18. Be5 Qg5 19. Re4 Rae8 20. Qd5 Rf5 21. Rae1 Bb4 22. Bxg7+ Kxg7 23. Rxe8 Rxd5 0-1

[Event "Niedersachsen-ch op"]
[Site "Verden"]
[Date "2011.01.02"]
[Round "2"]
[White "Engelke, Tobias"]
[Black "Torkler, Simon"]
[Result "1/2-1/2"]
[WhiteElo "1639"]
[BlackElo "1345"]
[PlyCount "52"]
[EventDate "2011.01.02"]
[EventType "swiss"]
[EventRounds "7"]
[EventCountry "GER"]
[SourceTitle "EXT 2018"]
[Source "ChessBase"]
[SourceDate "2017.10.13"]
[SourceVersion "1"]
[SourceVersionDate "2017.10.13"]
[SourceQuality "1"]

1. e4 c5 2. Nf3 Nc6 3. d4 cxd4 4. Nxd4 e5 5. Nf5 d6 6. Bc4 Nf6 7. Nc3 Nxe4 8. Qd5 Qf6 9. Nxe4 Qxf5 10. Ng5 Be6 11. Nxe6 fxe6 12. Qxe6+ Qxe6 13. Bxe6 Nb4 14. Bf5 g6 15. Bd3 Rc8 16. Kd1 Nxd3 17. cxd3 Kd7 18. Be3 b6 19. f3 Bg7 20. Rb1 Rhe8 21. Kd2 d5 22. Rhc1 Rxc1 23. Kxc1 e4 24. dxe4 dxe4 25. fxe4 Rxe4 26. Kd2 Be5 1/2-1/2